• 首页
  • 本馆介绍
  • 公告通知
  • 最新文献
  • 馆藏检索
  • 电子资源
  • 读者导购
  • 参考咨询
  • 我的图书馆
  • 登录
  • 详细信息显示
  • 放入我的书架
  • 预约/预借图书
  • 作者相关作品
  • 分类相关作品
  • 丛书相关作品
  • 出版社相关作品

书目信息

  • 表格格式
  • 工作单格式
  • 卡片格式
题名:
造型设计基础
    
 
作者: 蓝先琳 编著
分册:   平面构成
出版信息: 北京   中国轻工业出版社  2001
页数: 170页
开本: 29cm
丛书名:
单 册:
中图分类: J061 , J06
科图分类:
主题词: 造型设计--高等教育--教材 , CT--S092954--造型设计 , CT--S901915--平面构成 , 平面构成--高等教育--教材
电子资源:
ISBN: 7-5019-3057-0
000 00865nam0 2200277 45
001 012001043291
005 20070729102341.73
010    @a7-5019-3057-0@dCNY42.00
100    @a20010703d2001 em y0chiy0110 ea
101 0  @achi
102    @aCN@b110000
105    @aa z 000yy
200 1  @a造型设计基础@Azao xing she ji ji chu@i平面构成@f蓝先琳编著
210    @a北京@c中国轻工业出版社@d2001
215    @a170页@c图@d29cm
300    @a高职高专自考·艺术设计教材
330    @a本书内容包括:一、概述;二、形态的造型理论;三、基础构成;四、平面构成的图形开发与应用。
606 0  @a造型设计@x高等教育@j教材
606 0  @2CT@3S092954@a造型设计
606 0  @2CT@3S901915@a平面构成
606 0  @a平面构成@x高等教育@j教材
690    @aJ061@v4
690    @aJ06@v4
701  0 @a蓝先琳@Alan xian lin@4编著
801  0 @aCN@bNLC@c20070729
905    @a10447@dJ06@e208
    
    造型设计基础.平面构成/蓝先琳编著.-北京:中国轻工业出版社,2001
    170页:图;29cm
    高职高专自考·艺术设计教材
    
    ISBN 7-5019-3057-0:CNY42.00
    本书内容包括:一、概述;二、形态的造型理论;三、基础构成;四、平面构成的图形开发与应用。
●
相关链接 在E读中查询图书 在五车中查询图书 在当当中查询图书 在豆瓣中查询图书


正题名:造型设计基础     索取号:J06/208         预约/预借

序号 登录号 条形码 馆藏地/架位号 状态 备注
1 0785240   207852402   第一样本阅览室/ [索取号:J06/208] 在馆    
2 0785241   207852411   第一借阅区/ [索取号:J06/208] 在馆    
3 0785242   207852420   第一借阅区/ [索取号:J06/208] 在馆    
唐山师范学院图书馆 欢迎您!
大连网信软件有限公司© 版权所有